000 01054nam0a2200313 4500
001 RU\NLR\BIBL_A\012164964
005 20191223170852.0
010 _a978-5-94298-056-6
_9500
021 _aRU
_bКН-П-19-085645
_9КН-П-19-6242
035 _a(NLR Aleph) 012164964
035 _a(RuMoRGB)010154092
090 _a12211161
_c12211161
100 _a20191216d2019 d y0rusy50 ca
101 0 _arus
102 _aRU
105 _aac||z|||000gy
200 1 _aЯ - ветлужанин
_eстихи
_fВячеслав Трефилов
210 _aТула
_cСвамия
_d2019
215 _a111 с.
_cцв. ил., портр.
_d22
327 1 _aСодерж.: Стихотворения; цикл: Юбилейные даты
333 _a12+
686 2 _aШ6(2=Р)8-5
700 1 _aТрефилов
_bВ. А.
_f1953-
_gВячеслав Алексеевич
942 _cBOOK
980 _aNBR
980 _aNB